00689nam a22002297a 450000500170000001000130001702000220003003500130005203700160006504000120008108200170009324500770011026000340018727000460022130000200026765000310028765000380031865000340035665000380039070000150042870000160044320170124110017.0 aA-998156 c00.00a8185999120 aA-998156 bCen Lib/Ret aDPLbEN a303.372bSOC aSocial justice and women in India /cedited by M.P.Sube [and] Neeta Bora aDelhibSwaraj Prakashanc1999 bDelhia146/D-16, Sector 7, Rohinie110085 a348p.c22cm(Hb) aWomen-- Social conditions. aWomen -- Economic conditions.x  v aबाल विकास  a बाल देखभाल v  aDube, M.P. aBora, Neeta